000 00666nam a2200241 i 4500
001 C2-0223986
003 PPAK
005 20180728152646.0
008 000313s1975 enka|||| ||||| | eng d
020 _a0710081359
040 _aPPAK
_beng
_cPPAK
_erda
082 0 4 _a809.3
_223
090 0 0 _a809.3
_bBOU
_dKSA
100 1 _aBoulton, Marjorie,
_eauthor
245 1 4 _aThe anatomy of the novel
264 1 _aLondon :
_bRoutledge & Kegan Paul ,
_c1975
300 _ax, 189 pages :
_billustrations ;
_c19 cm
336 _2rdacontent
_atext
337 _2rdamedia
_aunmediated
338 _2rdacarrier
_avolume
650 1 0 _aFiction - Authorship
942 _ddc
_cB
999 _c144995
_d144995